| 000 | 01108nam a2200313 c 4500 | ||
|---|---|---|---|
| 003 | BLK | ||
| 005 | 20180420215606.0 | ||
| 008 | 180413b bul|||||r ||||||| ||bul|| | ||
| 010 | _aKNG00022776000 | ||
| 020 |
_a954-8496-18-6 _bиздат.: Дионис |
||
| 040 | _aBLK | ||
| 041 |
_aBUL _cBUL |
||
| 080 |
_aПчеларство. Медоносна пчела (Вж и 595.799) _b638.1 _x(035) _z638.1(035) |
||
| 100 | 1 |
_aРадоев, Любен Иванов _eпърви автор _9264897 |
|
| 139 |
_aРадоев, Любен Иванов _bР 16 |
||
| 245 | 1 | 0 |
_aКалендарен справочник по пчеларство _cЛюбен Иванов Радоев. |
| 250 | _a[4. изд.] | ||
| 257 | _aBGR | ||
| 260 |
_аСофия _bДионис _c1998 _fПерник : СъПерник |
||
| 300 |
_a303 с. _bс ил., табл. _c20 см |
||
| 380 | _a63 | ||
| 650 | 4 |
_aПчеларство _9168508 |
|
| 653 | _aпчеларство | ||
| 852 | _aЦб 196478 | ||
| 856 | 4 |
_qpdf _u |
|
| 856 | 4 |
_qpdf _u |
|
| 942 |
_cKNG _n0 |
||
| 944 |
_aCR _c15.01.2003 _kЛюдмила_Стоянова |
||
| 944 |
_aED _c23.03.2010 _k |
||
| 999 |
_c20545 _d20545 |
||